00000000nam 2200000zi 4500
0019.954097
003CaOODSP
00520250814132747
006m     o  d f      
007cr mn|||||||||
008250814e20171115onc     obs  f000 0 eng d
040 |aCaOODSP|beng|erda|cCaOODSP
043 |an-cn---
0861 |aCS82-003/2017-11-2E-PDF
1001 |aSheppard, Amanda J., |eauthor.
24510|aBirth outcomes among First Nations, Inuit and Métis populations / |cby Amanda J. Sheppard, Gabriel D. Shapiro, Tracey Bushnik, Russell Wilkins, Serenity Perry, Jay S. Kaufman, Michael S. Kramer and Seungmi Yang.
264 1|a[Ottawa] : |bStatistics Canada = Statistique Canada, |cNovember 15, 2017.
264 4|c©2017
300 |a1 online resource (pages 11-16).
336 |atext|btxt|2rdacontent
337 |acomputer|bc|2rdamedia
338 |aonline resource|bcr|2rdacarrier
4901 |aHealth reports, |x1209-1367 ; |vvol. 28, no. 11, [2]
500 |aCover title.
500 |aIssued also in French under title: Issues des grossesses chez les Premières Nations, les Inuits et les Métis.
504 |aIncludes bibliographical references (pages 15-16).
5203 |a"First Nations, Inuit and Métis are at higher risk of adverse birth outcomes than are non-Indigenous people. However, relatively little perinatal information is available at the national level for Indigenous people overall or for specific identity groups"--Abstract, page 11.
650 0|aInfants|xMortality|zCanada|vStatistics.
650 0|aPremature infants|zCanada|vStatistics.
650 0|aIndigenous children|xHealth and hygiene|zCanada|vStatistics.
655 7|aStatistics|2lcgft
7102 |aStatistics Canada, |eissuing body.
77508|tIssues des grossesses chez les Premières Nations, les Inuits et les Métis / |w(CaOODSP)9.954104
830#0|aHealth reports (Series)|x1209-1367 ; |vvol. 28, no. 11, [2].|w(CaOODSP)9.950253
85640|qPDF|s386 KB|uhttps://publications.gc.ca/collections/collection_2025/statcan/82-003-x/CS82-003-2017-11-2-eng.pdf
8564 |qHTML|sN/A|uhttps://www150.statcan.gc.ca/n1/pub/82-003-x/2017011/article/54886-eng.htm